00000000nam##2200000za#4500
0019.652895
003CaOODSP
00520200328182649
007ta
008150407|1989||||xxc|||||     f|0| 0 eng|d
020 |a0-660-54760-0
040 |aCaOODSP|beng
041 |aeng
041 |afre
043 |an-cn---
0861 |aM86-24/1987
1101 |aCanada. |bNatural Resources Canada.
24510|aGeographical names and the United Nations, 1987
260 |bNatural Resources Canada |c1987.
300 |avii, 126p. ; |c27 cm.
5203 |aGSC Papers presented by Canada and resolutions adopted at the Fifth United Nations conference on the standardization of geographical names Montreal, 1987.
590 |a89-18|b1989-05-05
7760#|tLes noms géographiques et les Nations Unies, 1987 |w(CaOODSP)9.676746
792 |tLes noms géographiques et les Nations Unies, 1987 |efre|w(CaOODSP)9.652896